000 00256 a2200085 4500
020 _a978-0470130629
100 _aDaniel A Vallero and chris Brasier
245 _aSustainable Design: The Science of Sustainability and Green Engineering
260 _b Wiley
_c2008
999 _c13125
_d13125